| 000 | 01761nam0a2200361 i 4500 | ||
|---|---|---|---|
| 001 | RU\NLR\BIBL_A\010786557 | ||
| 005 | 20241103121225.0 | ||
| 010 |
_a9785446904822 _91000 |
||
| 021 |
_aRU _b2015-39561 _92353 |
||
| 035 | _a(NILC)RuMoRGB-007942277 | ||
| 035 | _a(NLR Aleph) 010786557 | ||
| 090 |
_a10094260 _c10094260 |
||
| 100 | _a20150622d2014 km y0rusy50 ca | ||
| 101 | 0 | _arus | |
| 102 | _aRU | ||
| 105 | _ay|||z|||000zy | ||
| 200 | 1 |
_aАнатомия общения _eведение переговоров, основанное на управлении режимами беседы _eтеория, практика, обучение _dThe anatomy of communication _fА. Симаков _zeng |
|
| 210 |
_aМосква _aСанкт-Петербург _cНестор-История _d2014 |
||
| 215 |
_a670 с. _d25 |
||
| 300 | _aАвт. также на англ. яз.: Simakov A.I. | ||
| 320 | _aБиблиогр.: с. 664-670 (163 назв.) | ||
| 510 | 1 |
_6z55790 _aThe anatomy of communication _zeng |
|
| 517 | 1 | _aВедение переговоров, основанное на управлении режимами беседы | |
| 606 |
_aОбщение деловое _91561826 _3RU\NLR\AUTH\66983574 |
||
| 686 | 1 | _aС550.353 | |
| 686 | 1 | _aС550.422.1 | |
| 700 | 1 |
_7ca _8rus _aСимаков _bА. И. _cспециалист по деловому общению _gАлександр Иванович _9146993 _3RU\NLR\AUTH\770147029 |
|
| 790 | 1 |
_7ba _8rus _aSimakov _bA. I. _cспециалист по деловому общению _gAleksandr Ivanovič _9146995 _3RU\NLR\AUTH\770147031 |
|
| 801 | 0 |
_aRU _bРГБ _c20150529 _gRCR |
|
| 942 | _cBOOK | ||
| 980 | _aNBR | ||